| 000 | 00747cam a2200277 4500500 | ||
|---|---|---|---|
| 005 | 20260329003428.0 | ||
| 041 | _afre | ||
| 042 | _adc | ||
| 100 | 1 | 0 |
_aLacroix, Alexandre _eauthor |
| 245 | 0 | 0 | _aRésonance / octobre 2015 |
| 260 | _c2015. | ||
| 500 | _a12 | ||
| 690 | _aAshley Madison | ||
| 690 | _aAutodéfense | ||
| 690 | _aDaech | ||
| 690 | _aGuerre | ||
| 690 | _aInfidélité | ||
| 690 | _aMichel Foucault | ||
| 690 | _aPiratage | ||
| 690 | _aSanté | ||
| 690 | _aSécurité | ||
| 690 | _aShinzo Abe | ||
| 690 | _aTurquie | ||
| 786 | 0 | _nPhilosophie magazine | 93 | 10 | 2015-10-01 | p. 4-4 | 1951-1787 | |
| 856 | 4 | 1 | _uhttps://shs.cairn.info/magazine-philosophie-magazine-2015-10-page-4?lang=fr&redirect-ssocas=7080 |
| 999 |
_c1824525 _d1824525 |
||